000 00328nam a2200145Ia 4500
005 20251222141840.0
008 251222s9999||||xx |||||||||||||| ||spa||
020 _a978-0-230-42011-3
082 _a425.01/K71T/3
100 _aKniveton, Julie
245 0 _aBounce Now:
250 _a1a.ed.
264 _bMacmillan
942 _cLIB
999 _c7408
_d7408